000 00655nam a22001457a 4500
020 _a978-0-141-33570-4
082 _a823
_bRIO/K
100 _aRIORDAN, RICK
245 _aTHE KANE CHRONICLES
_bTHE SERPENT'S SHADOW
260 _aUNITED KINGDOM
_bPUFFIN BOOKS
_c2012
300 _a403
520 _aCARTER AND SADIE KANE, descendants of the magical House of Life, are in pretty big trouble. Despite their bravest efforts, Apophis, the giant snake of Chaos, is still threatening to plunge the world into eternal darkness. Now the Kanes must do something no magician has ever managed - defeat Apophis himself.
650 _aNOVEL
_zUNITED KINGDOM
942 _cBK
999 _c3878
_d3878